Southville International School and Colleges
Your cart is empty.
  • Cart
  • Lists
    Public lists Eva Luna New books Lux_list list_1
    Your lists Log in to create your own lists
  • Log in to your account
  • Your cookies
  • Search history
Southville International School and Colleges
  • Advanced search
  • Recent comments
  • Most popular
  • Libraries

Log in to your account

Log in with GOOGLE


If you do not have an external account, but do have a local account, you can still log in:

  1. Home
  2. MARC view: Introduction to hospitality /
Normal view MARC view ISBD view

Introduction to hospitality / (Record no. 117868)

[ view plain ]
MARC details
000 -LEADER
fixed length control field 00500nam a2200181Ia 4500
008 - FIXED-LENGTH DATA ELEMENTS--GENERAL INFORMATION
fixed length control field 140529s9999 xx 000 0 und d
020 ## - INTERNATIONAL STANDARD BOOK NUMBER
International Standard Book Number 9780132993074
050 ## - LIBRARY OF CONGRESS CALL NUMBER
Classification number TX 911.3.M27
Item number .W35 2013
100 ## - MAIN ENTRY--PERSONAL NAME
Personal name Walker, John R.
245 ## - TITLE STATEMENT
Title Introduction to hospitality /
Statement of responsibility, etc John R. Walker
250 ## - EDITION STATEMENT
Edition statement 6th ed.
260 ## - PUBLICATION, DISTRIBUTION, ETC. (IMPRINT)
Place of publication, distribution, etc Boston :
Name of publisher, distributor, etc Pearson,
Date of publication, distribution, etc c2013.
300 ## - PHYSICAL DESCRIPTION
Extent 577 p. :
Other physical details col. ill. ;
Dimensions 26 cm.
500 ## - GENERAL NOTE
General note Includes glossary and index.
521 ## - TARGET AUDIENCE NOTE
Target audience note
942 ## - ADDED ENTRY ELEMENTS (KOHA)
Call number prefix Foreign
Koha item type Books
Holdings
Withdrawn status Lost status Damaged status Home library Current library Shelving location Date acquired Cost, normal purchase price Total Checkouts Full call number Barcode Date last seen Price effective from Koha item type
      College Library College Library Reserve Section 05/30/2014 4723.00   TX 911.3.M27 .W35 2013 C16317 05/15/2018 05/30/2014 Books

Introduction to hospitality /

APA

Walker J. R., . (2013). Introduction to hospitality. Boston: Pearson.

Chicago

Walker John R, . 2013. Introduction to hospitality. Boston: Pearson.

Harvard

Walker J. R., . (2013). Introduction to hospitality. Boston: Pearson.

MLA

Walker John R, . Introduction to hospitality. Boston: Pearson. 2013.

  • Place hold
  • Print
  • Cite
  • Add to your cart (remove)
  • Save record
    BIBTEX Dublin Core MARCXML MARC (non-Unicode/MARC-8) MARC (Unicode/UTF-8) MARC (Unicode/UTF-8, Standard) MODS (XML) RIS
  • More searches
    Search for this title in:
    Other Libraries (WorldCat) Other Databases (Google Scholar) Online Stores (Bookfinder.com) Open Library (openlibrary.org)

Exporting to Dublin Core...

SOUTHVILLE LIBRARY

Southville International School and Colleges Library

1281 Tropical Ave. Cor. Luxembourg St., BF Homes International, Las Pinas City

Tel. No. 8256374 / 252358 Loc. 117/146

Powered by Koha